000 01336nam a2200301 i 4500
001 196784
003 SpMaBN
005 20250730063206.0
008 211121s2024 xx |||||||||||00| ||spa||
017 _aM 20309-2024
_bOficina Depósito Legal Madrid
020 _a9788410671096
040 _aSpMaBN
_bspa
_cSpMaBN
_erda
100 1 _aGonzález Redondo, Francisco A
_9239326
_eaut
245 1 0 _aLeonardo Torres Quevedo :
_bsu vida, su mundo /
_cFrancisco A. González Redondo.
260 _aMadrid :
_bLos libros de la catarata,
_bReal Sociedad Española de Física,
_bFundación Ramón Arces,
_c2024
264 _a©2024
300 _a123 páginas ;
_c22 cm
336 _aTexto
_2rdacontent
337 _asin mediación
_2rdamedia
338 _avolumen
_2rdacarrier
600 1 4 _9111002
_aTorres Quevedo, Leonardo,
_d1852-1936
852 _aES-MaACL
_cDEPOJ
_jN-10246
_gDedicatoria autógrafa del autor
_hDonación: Francisco A. González Redondo
_xEncuadernación rústica con solapas
_9206372
903 _9239326
_aGonzález Redondo, Francisco A
_ednr
942 _cMONOGRAFIA
_n0
999 _c196784
_d196784